Hodnotenie finančnej situácie vybraného podniku s podporou informačných systémov
Zhodnotenie finančnej situácie vo vybranom podniku na základe využitia dát z podnikového informačného systému a finančnej analýzy podniku. Predmet skúmania - vybrané poľnohospodárske družstvo so sídlom v Nitrianskom kraji. Analýza likvidity a zadĺženosti podniku. Analýza aktivity a rentability.
Saved in:
| Main Author: | |
|---|---|
| Other Authors: | |
| Format: | Book Chapter |
| Language: | Slovak |
| Subjects: | |
| Tags: |
No Tags, Be the first to tag this record!
|
MARC
| LEADER | 00000nla$a2200000$$$4500 | ||
|---|---|---|---|
| 001 | 0124986 | ||
| 005 | 20221107085037.7 | ||
| 041 | 0 | |a slo | |
| 044 | |a CZ | ||
| 245 | 1 | 0 | |a Hodnotenie finančnej situácie vybraného podniku s podporou informačných systémov |c Erika Horňáková, Petra Ratulovská |
| 520 | |a Zhodnotenie finančnej situácie vo vybranom podniku na základe využitia dát z podnikového informačného systému a finančnej analýzy podniku. Predmet skúmania - vybrané poľnohospodárske družstvo so sídlom v Nitrianskom kraji. Analýza likvidity a zadĺženosti podniku. Analýza aktivity a rentability. | ||
| 610 | 2 | 0 | |a hospodárenie finančné |
| 610 | 2 | 0 | |a účtovníctvo |
| 610 | 2 | 0 | |a analýza finančná |
| 610 | 2 | 0 | |a systémy informačné |
| 610 | 2 | 0 | |a družstvá poľnohospodárske |
| 100 | 1 | |a Horňáková, Erika | |
| 700 | 1 | |a Ratulovská, Petra | |